Парадигмальный альманах. № 1: Ивдивные научно-философские чтения (Запись № 12152234)

Подробности
000 -МАРКЕР
контрольное поле 01387nam2a2200277 4500
001 - ИДЕНТИФИКАТОР ЗАПИСИ
контрольное поле RU\NLR\BIBL_A\012485204
005 - ИДЕНТИФИКАТОР ВЕРСИИ
контрольное поле 20250624045428.0
010 ## - МЕЖДУНАРОДНЫЙ СТАНДАРТНЫЙ НОМЕР КНИГИ (ISBN)
Номер (ISBN) 978-5-7151-0540-0
Тираж 760
035 ## - ДРУГИЕ СИСТЕМНЫЕ НОМЕРА
Идентификатор записи (NLR Aleph) 012485204
100 ## - ДАННЫЕ ОБЩЕЙ ОБРАБОТКИ
Данные общей обработки 20210325d2020 |||y0rusy50 ca
101 0# - ЯЗЫК РЕСУРСА
Язык текста, звукозаписи и т.д. русский
102 ## - СТРАНА ПУБЛИКАЦИИ ИЛИ ПРОИЗВОДСТВА
Страна публикации Российская Федерация
105 ## - ПОЛЕ КОДИРОВАННЫХ ДАННЫХ: ТЕКСТОВЫЕ МАТЕРИАЛЫ, МОНОГРАФИЧЕСКИЕ
Кодированные данные о монографическом текстовом документе a z 000yy
200 1# - ЗАГЛАВИЕ И СВЕДЕНИЯ ОБ ОТВЕТСТВЕННОСТИ
Основное заглавие Ивдивные научно-философские чтения
210 ## - ПУБЛИКАЦИЯ, РАСПРОСТРАНЕНИЕ И ДР.
Дата издания, распространения и т.д. 2020
Место издания, распространения и т.д. Б. м.
215 ## - ФИЗИЧЕСКАЯ ХАРАКТЕРИСТИКА
Специфическое обозначение материала и объем 479 с.
Другие сведения о физической характеристике ил.
Размеры 21
300 ## - ОБЩИЕ ПРИМЕЧАНИЯ
Текст примечания К 25-летию философии синтеза
320 ## - ПРИМЕЧАНИЯ О НАЛИЧИИ В ДОКУМЕНТЕ БИБЛИОГРАФИИ / УКАЗАТЕЛЯ
Текст примечания Библиогр. в подстроч. примеч.
461 #0 - УРОВЕНЬ НАБОРА
Встроенное поле 001RU\NLR\BIBL_A\012454046
-- 2001#$aПарадигмальный альманах$eсборник статей и материалов$fМетагалакт. акад. наук, Академ. ин-т синтез-философии [и др.]$v№ 1
Системный номер (АБИС) связанной записи 11989651
Место публикации Москва
Дата публикации 2020 -
Первые сведения об ответственности Метагалакт. акад. наук, Академ. ин-т синтез-философии [и др.]
Имя издателя, распространителя и т.д. [б. и.]
Сведения, относящиеся к заглавию сборник статей и материалов
Заглавие Парадигмальный альманах
Номер тома № 1
710 12 - НАИМЕНОВАНИЕ ОРГАНИЗАЦИИ - ПЕРВИЧНАЯ ОТВЕТСТВЕННОСТЬ
Начальный элемент ввода Ивдивные научно-философские чтения
Порядковый номер временной организации и / или порядковый номер ее части 1
Место проведения временной организации Москва
Дата проведения временной организации 2020
Системный номер авторитетной/нормативной записи 741611
Идентификатор авторитетной/нормативной записи RU\NLR\AUTH\880538986
852 ## - МЕСТОНАХОЖДЕНИЕ И ШИФР ХРАНЕНИЯ
Идентификатор организации NLR
Шифр хранения (Call Number) П25/723
942 ## - ДОПОЛНИТЕЛЬНЫЕ ЭЛЕМЕНТЫ ЗАПИСИ (АБИС)
Тип экземпляра АБИС Выпуск
980 ## - КОЛЛЕКЦИЯ
Название коллекции Национальная библиография
980 ## - КОЛЛЕКЦИЯ
Название коллекции Русская периодика

Нет доступных экземпляров.